| 000 | 01122cab a22002055a 4500 | ||
|---|---|---|---|
| 001 | L154468 | ||
| 008 | 131211e2011 xxk 000 0 eng d | ||
| 035 | _a(Sirsi) u154468 | ||
| 041 | 0 | _aeng | |
| 110 | 2 |
_aEuroProperty _91216 |
|
| 245 | 0 | 0 |
_aSurvey _bItaly |
| 260 | _c2011 | ||
| 490 | 0 |
_aEuroProperty _v5 December 2011, 13-17(5) |
|
| 520 | _aInvestment in Italy's commercial real estate is expected to fall in 2011 by 10% from 2010's Euros 3.5bn total. Westfield is one of the few global retail real estate developers still buying into the Italian retail market. Milan awaits new office supply notwithstanding the new Porta Nuova 240 000 sq m office scheme coming on stream in 2012. Rome's office market displays static demand with rents unlikely to rise with the limited supply pipeline. Berlusconi pushes through programme of disposal of empty government buildings as his Parthian shot. | ||
| 590 | _aKA | ||
| 651 | 4 |
_aItalia = Italy _y1992- |
|
| 690 | _aPROPERTY-COMMERCIAL PROPERTY-COMMERCIAL PROPERTY MARKET | ||
| 690 | _aPROPERTY-COMMERCIAL PROPERTY-COMMERCIAL PROPERTY FINANCE AND INVESTMENT | ||
| 942 | _n0 | ||
| 999 |
_c83636 _d83636 |
||